Statistics for Dance Central Songs

Click here to take the quiz!

General Stats

  • This quiz has been taken 53 times
  • The average score is 95 of 207

Answer Stats

Song% Correct
Just Dance
96%
Poker Face
92%
OMG
88%
Evacuate the Dancefloor
79%
Y.M.C.A.
79%
Scream
75%
The Hustle
75%
1, 2 Step
71%
Down
71%
Everybody (Backstreet's Back)
71%
Hello
71%
I Know You Want Me (Calle Ocho)
71%
Stronger (What Doesn't Kill You)
71%
Teach Me How to Dougie
71%
Baby Got Back (Mix Mix)
67%
Brick House
67%
D.A.N.C.E.
67%
Hey Mami
67%
Umbrella
67%
Bad Romance
63%
Body Movin' (Fatboy Slim Remix)
63%
Boom Boom Pow
63%
Born This Way
63%
Disturbia
63%
Last Night
63%
Sexy and I Know It
63%
Tan-Step
63%
Teach Me How to Jerk
63%
The Way I Are
63%
You Make Me Feel...
63%
All Around the World
58%
Around the World
58%
Euphoria
58%
Hey Baby (Drop It to the Floor)
58%
I Am the Best
58%
I Gotta Feeling
58%
I Like It
58%
I Will Survive
58%
Lights
58%
Now That We Found Love
58%
Paparazzi
58%
Pon De Replay
58%
Run (I'm a Natural Disaster)
58%
Sexy Chick
58%
Sorry for Party Rocking
58%
Toxic (Cover)
58%
(When You Gonna) Give It Up To Me
58%
Yeah!
58%
Airplanes
54%
Alejandro
54%
Beauty and a Beat
54%
Funkytown
54%
Jungle Boogie
54%
Lapdance
54%
Poison
54%
S & M
54%
Starships
54%
Supersonic
54%
Technologic
54%
Bass Down Low
50%
Better Off Alone
50%
Boyfriend
50%
Can't Get You Out of My Head
50%
Crank That (Soulja Boy)
50%
DJ Got Us Fallin' In Love
50%
Drop It Like It's Hot
50%
Fire Burning
50%
Galang '05
50%
Gangnam Style
50%
Get Up (I Feel Like Being a) Sex Machine, pt. 1
50%
Girls & Boys
50%
Hella Good
50%
I Got You Dancing
50%
In Da Club
50%
King of the Dancehall
50%
Moves Like Jagger
50%
Mr. Saxobeat
50%
Pump Up the Jam
50%
Real Love
50%
Sandstorm
50%
Say Hey (I Love You)
50%
SOS
50%
Take Over Control
50%
The Edge of Glory
50%
Turnin Me On
50%
Twisted
50%
Weapon of Choice
50%
You Got It (The Right Stuff)
50%
Bust a Move
46%
Calabria 2008
46%
Da' Butt
46%
Days Go By
46%
Disco Inferno
46%
Firework
46%
Flava In Ya Ear (Remix)
46%
Glad You Came
46%
Goodies
46%
Grenade
46%
International Love
46%
London Bridge
46%
Maneater
46%
O.P.P.
46%
Party Rock Anthem
46%
Planet Rock (Original 12" Version)
46%
Reach
46%
Rump Shaker
46%
Satisfaction
46%
The Humpty Dance
46%
This Is How We Do It
46%
Turn Me On
46%
Turn the Beat Around
46%
Venus
46%
What Makes You Beautiful
46%
What's My Name?
46%
Whip It
46%
Ain't 2 Proud 2 Beg
42%
Body to Body
42%
Call Me Maybe
42%
Ching-A-Ling
42%
Control
42%
Dip It Low
42%
Don't Sweat the Technique
42%
Escapade
42%
Fergalicious
42%
Get Low
42%
Get Ur Freak On
42%
Give Me Everything
42%
Hello Good Morning
42%
Hollaback Girl
42%
Le Freak
42%
Move Ya Body
42%
Nothin' On You
42%
Only Girl (In the World)
42%
Satellite
42%
Scenario
42%
Somebody to Love
42%
Take Care
42%
What Is Love
42%
Wild Ones
42%
Break Your Heart
38%
Closer
38%
C'mon N' Ride It (The Train)
38%
Down On Me
38%
Electric Boogie
38%
Forget You
38%
Get It Shawty
38%
Ice Ice Baby
38%
La La Land
38%
Let the Music Play
38%
Macarena (Bayside Boys Remix)
38%
Mai Ai Hee (Dragostea Din Tei)
38%
Nasty
38%
On the Floor
38%
Push It
38%
Rendez-Vu
38%
Right Thurr
38%
Say Aah
38%
Stereo Love
38%
Super Freak
38%
We Run This
38%
Whine Up
38%
Yeah 3X
38%
Because of You
33%
Beware of the Boys (Mundian To Bach Ke)
33%
Bulletproof
33%
Club Can't Handle Me
33%
Commander
33%
Cupid Shuffle
33%
Don't Cha
33%
Don't Touch Me (Throw da Water on 'Em)
33%
Impacto (remix)
33%
Let It Rock
33%
Let It Roll
33%
Low
33%
Marry the Night
33%
Never Say Never
33%
Replay
33%
Rude Boy
33%
Straight Up
33%
Temperature
33%
Get Busy
29%
Gonna Make You Sweat (Everybody Dance Now)
29%
Informer
29%
I Wish For You
29%
Lean Wit It, Rock Wit It
29%
Milkshake
29%
Oops (Oh My)
29%
Whoomp! (There It Is)
29%
You're a Jerk
29%
Hot Stuff
25%
Like a G6
25%
Meddle
25%
Tempted to Touch
25%
The Breaks
25%
Wild Thing
25%
Word Up!
25%
Hot In Herre
21%
Massive Attack
21%
Round & Round
21%
Samba De Janeiro
21%
Whip My Hair
21%
Heard 'Em All
17%
Promiscuous
17%
Spice Up Your Life (Stent Radio Mix)
17%
We No Speak Americano
17%
Conceited (There's Something About Remy)
13%
My Prerogative
13%

Score Distribution

Percentile by Number Answered

Percent of People with Each Score

Your Score History

You have not taken this quiz